FAO investment centre technical paper N11: Guidelines for planning irrigation and drainage investment projects

Zapisane w:
Opis bibliograficzny
1. autor: FAO
Format: Książka
Język:Undetermined
Wydane: Rome FAO 1996
Hasła przedmiotowe:
Etykiety: Dodaj etykietę
Nie ma etykietki, Dołącz pierwszą etykiete!
Thư viện lưu trữ: Trung tâm Học liệu Trường Đại học Cần Thơ
LEADER 00557nam a2200181Ia 4500
001 CTU_16872
008 210402s9999 xx 000 0 und d
082 |a 332 
082 |b F218/N11 
100 |a FAO 
245 0 |a FAO investment centre technical paper N11: Guidelines for planning irrigation and drainage investment projects 
245 0 |c FAO 
260 |a Rome 
260 |b FAO 
260 |c 1996 
650 |a investments,irrigation farming 
904 |i Nguyễn Quang Điiền, 970611 
980 |a Trung tâm Học liệu Trường Đại học Cần Thơ